000 00284nam a22001337a 4500
008 180111b xxu||||| |||| 00| 0 eng d
020 _aCM4023K
041 _aeng
080 _a611
100 _a7
101 _aANA
245 _aComlex Level 1 Physiology
_cKaplan
942 _2udc
_cBK
999 _c40144
_d40144